Biblioteca y Centro de Documentación

A fair wage model of unemployment with inertia in fairness perceptions (Registro nro. 45156)

Detalles MARC
000 -CABECERA
Longitud fija campo de control 01047naa a2200265 4500
001 - NÚMERO DE CONTROL
Número de control 45156
003 - IDENTIFICADOR DE NÚMERO DE CONTROL
Identificador del número de control ES-MaCES
005 - FECHA Y HORA DE LA ÚLTIMA TRANSACCIÓN
Fecha y hora de la última transacción 20140929141729.0
008 - CAMPO FIJO DE DESCRIPCIÓN FIJA--INFORMACIÓN GENERAL
Códigos de información de longitud fija   000000s2014 xxk||||| t||||||| ||eng d
040 ## - FUENTE DE CATALOGACIÓN
Centro catalogador de origen ES-MaCES
Lengua de catalogación spa
Centro transcriptor ES-MaCES
100 1# - ENCABEZAMIENTO PRINCIPAL--NOMBRE PERSONAL
9 (RLIN) 35210
Nombre de persona Chouliarakis, George
245 10 - MENCIÓN DE TÍTULO
Título A fair wage model of unemployment with inertia in fairness perceptions
Mención de responsabilidad, etc. By George Chouliarakis and Mónica Correa-López
500 ## - NOTA GENERAL
Nota general Resumen
504 ## - NOTA DE BIBLIOGRAFÍA, ETC.
Nota de bibliografía, etc. Bibliografía: p. 113-114
650 #4 - ASIENTO SECUNDARIO DE MATERIA--TÉRMINO DE MATERIA
9 (RLIN) 28393
Término de materia o nombre geográfico como elemento inicial estructura de los salarios
650 #4 - ASIENTO SECUNDARIO DE MATERIA--TÉRMINO DE MATERIA
9 (RLIN) 28388
Término de materia o nombre geográfico como elemento inicial determinación del salario
650 #4 - ASIENTO SECUNDARIO DE MATERIA--TÉRMINO DE MATERIA
9 (RLIN) 28308
Término de materia o nombre geográfico como elemento inicial desempleo
650 #4 - ASIENTO SECUNDARIO DE MATERIA--TÉRMINO DE MATERIA
9 (RLIN) 30147
Término de materia o nombre geográfico como elemento inicial igualdad de trato
650 #4 - ASIENTO SECUNDARIO DE MATERIA--TÉRMINO DE MATERIA
9 (RLIN) 28214
Término de materia o nombre geográfico como elemento inicial productividad del trabajo
653 10 - TÉRMINO DE INDEXACIÓN--NO CONTROLADO
Término no controlado Relaciones laborales-Empleo
700 1# - ENCABEZAMIENTO SECUNDARIO--NOMBRE PERSONAL
9 (RLIN) 35211
Nombre de persona Correa López, Mónica
773 0# - ENTRADA DE DOCUMENTO FUENTE
Itemnumber del ítem fuente 81604
Lugar, editor y fecha de publicación Oxford (Walton Street, OX2 6DP) Oxford University Press
Otro identificador del documento 084510
Título Oxford economic papers
Número de control del registro relacionado (ES-MaCES)25202
Parte(s) relacionada(s) vol. 66, no. 1 (Jan. 2014) {10186 R. 084510} ;p. 88-114
902 ## - CES. TIPO DE DOCUMENTO
Tipodoc (006$c Sirtex) ART Artículo de revista
942 ## - ELEMENTOS KOHA
Fuente de clasificaión o esquema Clasificación propia del CES
Koha [por defecto] tipo de item Artículos (1982-2017)
Parte de clasificación Relaciones Laborales y Rel. Lab.- Empleo

No hay ítems disponibles.

© CES, Consejo Económico y Social de España 2021